Detalles MARC
| 000 -CABECERA |
| campo de control de longitud fija |
00813nam a2200253 i 4500 |
| 003 - IDENTIFICADOR DEL NÚMERO DE CONTROL |
| campo de control |
vecauma |
| 005 - FECHA Y HORA DE LA ÚLTIMA TRANSACCIÓN |
| campo de control |
20260410155014.0 |
| 007 - CAMPO FIJO DE DESCRIPCIÓN FÍSICA--INFORMACIÓN GENERAL |
| campo de control de longitud fija |
ta |
| 008 - DATOS DE LONGITUD FIJA--INFORMACIÓN GENERAL |
| campo de control de longitud fija |
260410s1982 ve |||||r|||| 00| 0 spa d |
| 040 ## - FUENTE DE LA CATALOGACIÓN |
| Centro catalogador/agencia de origen |
vecauma |
| Lengua de catalogación |
spa |
| Centro/agencia transcriptor |
vecauma |
| Centro/agencia modificador |
vecauma |
| Normas de descripción |
rda |
| 041 0# - CÓDIGO DE LENGUA |
| Código de lengua del recurso |
spa |
| 099 ## - Cota |
| Sufijo de archivo |
FOLLETO 0401 |
| 100 1# - AUTOR PERSONAL |
| Nombre de persona |
Baralt, Rafael María, |
| Fechas asociadas al nombre |
1810-1860 |
| Término indicativo de función/relación |
autor |
| 9 (RLIN) |
2620 |
| 245 10 - MENCIÓN DE TÍTULO |
| Título |
Discurso de recepción pronunciado en la Real Academia Española |
| Mención de responsabilidad, etc. |
/ Rafael María Baralt. |
| 250 ## - MENCIÓN DE EDICIÓN |
| Mención de edición |
Edición facsimilar. |
| 264 #1 - PRODUCCIÓN, PUBLICACIÓN, DISTRIBUCIÓN, FABRICACIÓN Y COPYRIGHT |
| Producción, publicación, distribución, fabricación y copyright |
Caracas, Venezuela : |
| Nombre del de productor, editor, distribuidor, fabricante |
Ediciones Presidencia de la República, |
| Fecha de producción, publicación, distribución, fabricación o copyright |
1982. |
| 300 ## - DESCRIPCIÓN FÍSICA |
| Extensión |
46 páginas. |
| 336 ## - TIPO DE CONTENIDO |
| Término de tipo de contenido |
texto |
| Código de tipo de contenido |
txt |
| Fuente |
rdacontenido |
| 337 ## - TIPO DE MEDIO |
| Nombre/término del tipo de medio |
no mediado |
| Código del tipo de medio |
n |
| Fuente |
rdamedio |
| 338 ## - TIPO DE SOPORTE |
| Nombre/término del tipo de soporte |
volumen |
| Código del tipo de soporte |
nc |
| Fuente |
rdasoporte |
| 650 #0 - PUNTO DE ACCESO ADICIONAL DE MATERIA--TÉRMINO DE MATERIA |
| 9 (RLIN) |
11443 |
| Término de materia |
DISCURSOS |
| 942 #1 - ELEMENTOS DE ENTRADA AGREGADA (KOHA) |
| Fuente del sistema de clasificación o colocación |
Library of Congress Classification |
| Ocultar en OPAC |
No |
| Tipo de ítem Koha |
Folletos |